Desarrollo y fe /

Reflexión sobre el compromiso económico, social y político del cristiano en un contexto en el que la principal preocupación común es el cambio social y el dominio del porvenir colectivo.

Furkejuvvon:
Bibliográfalaš dieđut
Váldodahkki: Cosmao, Vincent (autor)
Materiálatiipa: Girji
Giella:espánnjágiella
Almmustuhtton: Salamanca, España : Sígueme : Sociedad de Educación Atenas, 1974, c1972
Ráidu:(Temas Vivos ; 28)
Fáttát:
Fáddágilkorat: Lasit fáddágilkoriid
Eai fáddágilkorat, Lasit vuosttaš fáddágilkora!

MARC

LEADER 00000nam^a2200000^a^4500
001 000395123
005 20250521000000.0
009 20260310121353.286
020 |a 84-301-0555-7 
020 |a 84-7020-142-5 
037 |a Acervo ITESO - Biblioteca 
041 |a ESP 
082 |a 261. 7  |b COS 
100 |a Cosmao, Vincent  |e (autor) 
245 1 0 |a Desarrollo y fe /  |c V. Cosmao ; tr. por Ramón Susín. 
264 4 |a Salamanca, España :  |b Sígueme :  |b Sociedad de Educación Atenas,  |c 1974, c1972 
300 |a 110 p. 
336 |a texto  |b txt  |2 rdacontenido 
337 |a sin mediación  |b n  |2 rdamedio 
338 |a volumen  |b nc  |2 rdasoporte 
440 1 |a (Temas Vivos ;  |v 28) 
500 |a Traducción de: Développement et foi 
520 |a Reflexión sobre el compromiso económico, social y político del cristiano en un contexto en el que la principal preocupación común es el cambio social y el dominio del porvenir colectivo. 
649 |a XX 
650 |a Laicos 
650 |a Desarrollo Económico-Social 
650 |a Fe 
650 |a Compromiso (Etica) 
650 |a Teología Social -  |x Tema Principal 
650 |a Catolicismo 
650 |a Cristianismo y Política 
650 |a Religión y Economía 
910 |a Fondo General 
920 |a Impresos - Libros 
930 |a Colección General 
905 |a 101 
901 |a 0500290402  |b IT1  |c ACC  |i D83199  |u 20250521 
902 |a https://opac.biblio.iteso.mx/vufind/Record/000395123